[Event "Steinfurt Bezirksliga 1819"]
[Site "Germany"]
[Date "2018.11.24"]
[Round "4.1"]
[White "Merschkoetter, Peter"]
[Black "Haves, Reinhard"]
[Result "0-1"]
[WhiteElo "1682"]
[BlackElo "2088"]
[PlyCount "58"]
[EventDate "2018.09.01"]
[EventType "team-tourn"]
[EventRounds "10"]
[EventCountry "GER"]
[SourceTitle "EXT 2020"]
[Source "ChessBase"]
[SourceDate "2019.10.17"]
[SourceVersion "1"]
[SourceVersionDate "2019.10.17"]
[SourceQuality "1"]
[WhiteTeam "Reckenfeld"]
[BlackTeam "Neuenkirchen"]
[WhiteTeamCountry "GER"]
[BlackTeamCountry "GER"]

1. d4 g6 2. c4 Bg7 3. Nc3 d6 4. Nf3 Bg4 5. h3 Bxf3 6. gxf3 Nc6 7. e3 Nf6 8. Qb3 Rb8 9. Bg2 0-0 10. f4 e5 11. d5 Na5 12. Qa4 c5 13. e4 Nh5 14. Ne2 exf4 15. Bf3 Nf6 16. Bxf4 Re8 17. Qc2 a6 18. Ng3 b5 19. cxb5 axb5 20. Rb1 Nc4 21. Be2 Qe7 22. f3 Ne5 23. b3 Nxd5 24. exd5 Qh4 25. 0-0 Qxf4 26. Kg2 f5 27. Rbe1 c4 28. bxc4 bxc4 29. Bxc4 Nxc4 0-1

[Event "Muensterland Regionalliga 1718"]
[Site "Germany"]
[Date "2018.01.13"]
[Round "5.5"]
[White "Althoff, Franz"]
[Black "Haves, Reinhard"]
[Result "0-1"]
[WhiteElo "1974"]
[BlackElo "2089"]
[PlyCount "143"]
[EventDate "2017.09.02"]
[EventType "team-tourn"]
[EventRounds "9"]
[EventCountry "GER"]
[SourceTitle "EXT 2019"]
[Source "ChessBase"]
[SourceDate "2018.10.10"]
[SourceVersion "1"]
[SourceVersionDate "2018.10.10"]
[SourceQuality "1"]
[WhiteTeam "Nienberge"]
[BlackTeam "Neuenkirchen"]
[WhiteTeamCountry "GER"]
[BlackTeamCountry "GER"]

1. Nf3 Nf6 2. d4 g6 3. g3 Bg7 4. Bg2 0-0 5. 0-0 d6 6. b3 a5 7. Bb2 a4 8. b4 Nc6 9. b5 Na5 10. Nfd2 Nd7 11. Na3 e5 12. Ndc4 Nxc4 13. Nxc4 a3 14. Bxa3 exd4 15. Bb2 Ra4 16. Nd2 Nc5 17. Nb3 Ne6 18. Qd2 Qe8 19. Qd3 Bd7 20. Bxb7 Bxb5 21. Qf3 c5 22. Rfd1 Qe7 23. Rd2 Ng5 24. Qg2 Rb8 25. Bc6 Bxc6 26. Qxc6 Rba8 27. a3 Qe4 28. Qxe4 Nxe4 29. Rdd1 Rb8 30. Rab1 f5 31. f3 Nc3 32. Bxc3 dxc3 33. Rxd6 c4 34. Nd2 Rb2 35. Rxb2 cxb2 36. Nb1 c3 37. e3 Ra7 38. Kf1 Kf7 39. Ke2 Ke7 40. Rc6 Kd7 41. Rb6 Ke7 42. Rc6 Bf6 43. Rb6 Rc7 44. Ra6 Kf7 45. Rb6 g5 46. Rb5 Kg6 47. Rb6 h5 48. a4 Kf7 49. a5 Rc5 50. a6 Ra5 51. Rb7+ Kg6 52. a7 Ra1 53. Kd3 g4 54. fxg4 hxg4 55. Kc4 Bg5 56. Nxc3 Bxe3 57. Nd5 Bxa7 58. Nf4+ Kf6 59. Rxb2 Ke5 60. c3 Ke4 61. Re2+ Kf3 62. Re5 Bg1 63. Rxf5 Bxh2 64. Nh5+ Kg2 65. Kb5 Bxg3 66. Rg5 Kf3 67. c4 Be1 68. c5 g3 69. c6 Ra5+ 70. Kc4 Rxg5 71. c7 Rg8 72. Nf6 0-1

[Event "NRW Class1 1617"]
[Site "Germany"]
[Date "2016.09.25"]
[Round "1.3"]
[White "Haves, Reinhard"]
[Black "Holtel, Jasper"]
[Result "1/2-1/2"]
[WhiteElo "2166"]
[BlackElo "2194"]
[PlyCount "58"]
[EventDate "2016.09.25"]
[EventType "team-tourn"]
[EventRounds "9"]
[EventCountry "GER"]
[SourceTitle "EXT 2023"]
[Source "ChessBase"]
[SourceDate "2022.10.05"]
[SourceVersion "1"]
[SourceVersionDate "2022.10.05"]
[SourceQuality "1"]
[WhiteTeam "Neuenkirchen"]
[BlackTeam "Muenster SK"]
[WhiteTeamCountry "GER"]
[BlackTeamCountry "GER"]

1. d4 Nf6 2. Nf3 g6 3. g3 Bg7 4. Bg2 d5 5. c4 c6 6. 0-0 0-0 7. cxd5 cxd5 8. Nc3 Ne4 9. Qb3 Nc6 10. e3 Nxc3 11. Qxc3 Bf5 12. Bd2 Qb6 13. Rfc1 Rfc8 14. Qb3 Qxb3 15. axb3 e6 16. Bf1 Bf8 17. Bb5 a6 18. Bxc6 Rxc6 19. Rxc6 bxc6 20. b4 Bd6 21. Ne5 Bxe5 22. dxe5 Bd3 23. f3 Kg7 24. Kf2 g5 25. g4 Rh8 26. Rc1 Bb5 27. h4 h5 28. Rg1 hxg4 29. Rxg4 Rxh4 1/2-1/2

[Event "NRW Class2 1415"]
[Site "Germany"]
[Date "2014.12.14"]
[Round "4.5"]
[White "Haves, Reinhard"]
[Black "Villwock, Martin"]
[Result "1-0"]
[WhiteElo "2124"]
[BlackElo "2151"]
[PlyCount "51"]
[EventDate "2014.09.14"]
[EventType "team-tourn"]
[EventRounds "9"]
[EventCountry "GER"]
[SourceTitle "EXT 2017"]
[Source "ChessBase"]
[SourceDate "2016.10.25"]
[SourceVersion "1"]
[SourceVersionDate "2016.10.25"]
[SourceQuality "1"]
[WhiteTeam "Neuenkirchen"]
[BlackTeam "Katernberg II"]
[WhiteTeamCountry "GER"]
[BlackTeamCountry "GER"]

1. Nf3 Nf6 2. d4 c5 3. g3 cxd4 4. Nxd4 d5 5. Bg2 e5 6. Nf3 Nc6 7. 0-0 Be7 8. c4 d4 9. e3 0-0 10. exd4 exd4 11. Re1 Re8 12. Bf4 Bf5 13. Ne5 Qb6 14. Nxc6 bxc6 15. Qb3 Bb4 16. Rf1 Re2 17. a3 Ba5 18. Qxb6 axb6 19. Bxc6 Rc8 20. Bb7 Rxb2 21. Bxc8 Bxc8 22. Rd1 Re2 23. Be3 b5 24. Bxd4 Ne4 25. Nc3 Nxc3 26. Bxc3 1-0

[Event "NRW Class2 1314"]
[Site "Germany"]
[Date "2014.04.06"]
[Round "8.5"]
[White "Haves, Reinhard"]
[Black "Andok, Claus Michael"]
[Result "1/2-1/2"]
[WhiteElo "2151"]
[BlackElo "2079"]
[PlyCount "80"]
[EventDate "2013.09.15"]
[EventType "team-tourn"]
[EventRounds "9"]
[EventCountry "GER"]
[SourceTitle "EXT 2015"]
[Source "ChessBase"]
[SourceDate "2014.11.20"]
[SourceVersion "1"]
[SourceVersionDate "2014.11.20"]
[SourceQuality "1"]
[WhiteTeam "Neuenkirchen"]
[BlackTeam "Wuerselen"]
[WhiteTeamCountry "GER"]
[BlackTeamCountry "GER"]

1. Nf3 g6 2. d4 Bg7 3. g3 d6 4. Bg2 c6 5. c4 Bg4 6. Nc3 Bxf3 7. Bxf3 Nd7 8. Bg2 e5 9. d5 c5 10. f4 a6 11. 0-0 Qe7 12. f5 f6 13. e4 Bh6 14. Qf3 Bxc1 15. Raxc1 g5 16. Qh5+ Qf7 17. Bf3 Qxh5 18. Bxh5+ Kf8 19. Kf2 Rb8 20. a4 Ne7 21. Ra1 Kg7 22. Rfb1 h6 23. Ke3 Rhc8 24. Kd2 Rh8 25. Kc2 Nb6 26. Kd3 Nd7 27. Ra3 Rhc8 28. Rba1 b6 29. Kc2 Rc7 30. Be2 Rcb7 31. Rb3 Nc8 32. Rba3 Na7 33. Kd2 a5 34. Rh1 Rh8 35. Bh5 Rbb8 36. Rb3 Rhf8 37. Nd1 Rh8 38. Ne3 Rhf8 39. Nd1 Rh8 40. Ne3 Rhf8 1/2-1/2

[Event "NRW Class2 1314"]
[Site "Germany"]
[Date "2013.09.15"]
[Round "1.5"]
[White "Haves, Reinhard"]
[Black "Bouaraba, Max"]
[Result "1/2-1/2"]
[WhiteElo "2151"]
[BlackElo "2156"]
[PlyCount "109"]
[EventDate "2013.09.15"]
[EventType "team-tourn"]
[EventRounds "9"]
[EventCountry "GER"]
[SourceTitle "EXT 2015"]
[Source "ChessBase"]
[SourceDate "2014.11.20"]
[SourceVersion "1"]
[SourceVersionDate "2014.11.20"]
[SourceQuality "1"]
[WhiteTeam "Neuenkirchen"]
[BlackTeam "Plettenberg"]
[WhiteTeamCountry "GER"]
[BlackTeamCountry "GER"]

1. d4 Nf6 2. Nf3 d5 3. g3 e6 4. Bg2 Be7 5. c4 0-0 6. 0-0 a6 7. Ne5 Nbd7 8. Nc3 c6 9. Bf4 Nxe5 10. dxe5 Nd7 11. cxd5 cxd5 12. e4 d4 13. Qxd4 Qa5 14. a3 g5 15. b4 Qc7 16. Be3 Qxe5 17. Rac1 Qxd4 18. Bxd4 a5 19. e5 axb4 20. axb4 Bxb4 21. Ne4 Ra5 22. Rc4 Ba3 23. Nd6 Bxd6 24. exd6 b6 25. Rc7 Rd8 26. Bc6 Ne5 27. Bxe5 Rxe5 28. d7 Ba6 29. Rc1 Kf8 30. Ra7 Bb5 31. Rb7 Bxc6 32. Rxc6 Ke7 33. Rcxb6 Rd5 34. Kg2 R8xd7 35. Rxd7+ Rxd7 36. g4 Kf6 37. Kg3 h5 38. h3 Rd3+ 39. Kg2 h4 40. Rb7 Kg6 41. Rb6 Rd1 42. Rb7 Re1 43. Rb8 f5 44. gxf5+ exf5 45. Rg8+ Kh6 46. f4 gxf4 47. Kf3 Rf1+ 48. Kg2 Rc1 49. Kf3 Rc4 50. Rg1 Kh5 51. Rg8 Rc3+ 52. Kxf4 Rxh3 53. Rg5+ Kh6 54. Rxf5 Rh1 55. Ra5 1/2-1/2

[Event "NRW Class2 1213"]
[Site "Germany"]
[Date "2012.09.16"]
[Round "1.3"]
[White "Haves, Reinhard"]
[Black "Molinaroli, Martin"]
[Result "1/2-1/2"]
[WhiteElo "2174"]
[BlackElo "2276"]
[PlyCount "95"]
[EventDate "2012.09.16"]
[EventType "team-tourn"]
[EventRounds "9"]
[EventCountry "GER"]
[SourceTitle "EXT 2017"]
[Source "ChessBase"]
[SourceDate "2016.10.25"]
[SourceVersion "1"]
[SourceVersionDate "2016.10.25"]
[SourceQuality "1"]
[WhiteTeam "Neuenkirchen"]
[BlackTeam "Muenster"]
[WhiteTeamCountry "GER"]
[BlackTeamCountry "GER"]

1. d4 g6 2. c4 Bg7 3. Nc3 c5 4. Nf3 cxd4 5. Nxd4 Nc6 6. e3 Nf6 7. Be2 0-0 8. 0-0 Nxd4 9. Qxd4 d6 10. Qd3 Be6 11. e4 Rc8 12. Nd5 Bxd5 13. exd5 Nd7 14. Be3 Nc5 15. Bxc5 dxc5 16. Rad1 Qd6 17. b3 Rcd8 18. Qe4 b6 19. g3 Rfe8 20. Kg2 Bd4 21. Bf3 e5 22. dxe6 Rxe6 23. Qd3 Rde8 24. h4 Kg7 25. h5 f5 26. hxg6 hxg6 27. Rh1 R6e7 28. Qd2 Rh8 29. Rxh8 Kxh8 30. Qh6+ Rh7 31. Qg5 Kg7 32. Re1 Bf6 33. Qe3 Rh8 34. Bd5 Qd7 35. Qe6 Qxe6 36. Rxe6 Rd8 37. a4 Rd7 38. Re8 Rd8 39. Rxd8 Bxd8 40. f4 g5 41. Be6 Kf6 42. Bc8 Bc7 43. Kf3 Bd6 44. Bd7 Bc7 45. Bc8 Bd6 46. Bd7 Bc7 47. Bc8 Bd6 48. Bd7 1/2-1/2

[Event "NRW Class1 1011"]
[Site "Germany"]
[Date "2011.01.09"]
[Round "5.3"]
[White "Breder, Dennis"]
[Black "Haves, Reinhard"]
[Result "1-0"]
[WhiteElo "2429"]
[BlackElo "2209"]
[PlyCount "96"]
[EventDate "2010.09.26"]
[EventType "team-tourn"]
[EventRounds "9"]
[EventCountry "GER"]
[SourceTitle "EXT 2012"]
[Source "ChessBase"]
[SourceDate "2011.11.24"]
[SourceVersion "1"]
[SourceVersionDate "2011.11.24"]
[SourceQuality "1"]
[WhiteTeam "Emsdetten Turm II"]
[BlackTeam "Neuenkirchen"]
[WhiteTeamCountry "GER"]
[BlackTeamCountry "GER"]

1. e4 g6 2. d4 Bg7 3. Nf3 d6 4. Be2 Nf6 5. Nc3 Bg4 6. Be3 Nc6 7. Nd2 Bxe2 8. Qxe2 e5 9. d5 Nd4 10. Qd3 0-0 11. 0-0 c6 12. dxc6 bxc6 13. Nb3 c5 14. Bg5 Qc8 15. Nd2 Qe6 16. Bxf6 Bxf6 17. Nd5 Bd8 18. c3 Nc6 19. Nc4 f5 20. Nde3 Be7 21. Qd5 Qxd5 22. Nxd5 Rad8 23. a3 Bg5 24. f3 Kf7 25. b4 Ke6 26. Rfd1 Rf7 27. b5 Nb8 28. Rd3 Rb7 29. Rad1 Rdd7 30. a4 Bd8 31. g3 h5 32. Kg2 h4 33. Nde3 Be7 34. gxh4 Rbc7 35. Nd5 Rc8 36. Nxe7 Kxe7 37. Rxd6 fxe4 38. fxe4 Rh8 39. Kg3 Rf8 40. R1d5 Rxd6 41. Nxd6 Nd7 42. Nc4 Rf1 43. Nxe5 Nf6 44. Nxg6+ Kf7 45. Rf5 Rc1 46. e5 Rxc3+ 47. Kf2 Kxg6 48. Rxf6+ Kg7 1-0

[Event "NRW Class1 1011"]
[Site "Germany"]
[Date "2010.09.26"]
[Round "1.4"]
[White "Gupta, Milon"]
[Black "Haves, Reinhard"]
[Result "1/2-1/2"]
[WhiteElo "2285"]
[BlackElo "2209"]
[PlyCount "49"]
[EventDate "2010.09.26"]
[EventType "team-tourn"]
[EventRounds "9"]
[EventCountry "GER"]
[SourceTitle "EXT 2012"]
[Source "ChessBase"]
[SourceDate "2011.11.24"]
[SourceVersion "1"]
[SourceVersionDate "2011.11.24"]
[SourceQuality "1"]
[WhiteTeam "Solingen III"]
[BlackTeam "Neuenkirchen"]
[WhiteTeamCountry "GER"]
[BlackTeamCountry "GER"]

1. Nf3 g6 2. d4 Bg7 3. c4 d6 4. g3 Nf6 5. Bg2 0-0 6. 0-0 Nc6 7. Nc3 Bf5 8. d5 Na5 9. Nd2 c5 10. h3 a6 11. e4 Bd7 12. Rb1 b5 13. b3 Rb8 14. Qc2 bxc4 15. bxc4 Rxb1 16. Qxb1 Qc7 17. Qc2 Rb8 18. Ba3 Nh5 19. Kh2 Bh6 20. f4 Bg7 21. Rb1 Rxb1 22. Ncxb1 Qb6 23. Nc3 Bd4 24. Ne2 Bg7 25. Nc3 1/2-1/2

[Event "NRW Class1 0910"]
[Site "Germany"]
[Date "2009.12.21"]
[Round "4.3"]
[White "Haves, Reinhard"]
[Black "Adamski, Jan"]
[Result "1/2-1/2"]
[WhiteElo "2217"]
[BlackElo "2276"]
[PlyCount "43"]
[EventDate "2009.09.20"]
[EventType "team-tourn"]
[EventRounds "9"]
[EventCountry "GER"]
[SourceTitle "EXT 2011"]
[Source "ChessBase"]
[SourceDate "2010.11.26"]
[SourceVersion "1"]
[SourceVersionDate "2010.11.26"]
[SourceQuality "1"]
[WhiteTeam "Neuenkirchen"]
[BlackTeam "Letmathe"]
[WhiteTeamCountry "GER"]
[BlackTeamCountry "GER"]

1. d4 Nf6 2. Nf3 e6 3. g3 b5 4. Bg2 Bb7 5. Qd3 a6 6. Nbd2 c5 7. dxc5 Bxc5 8. 0-0 Nc6 9. Nb3 Be7 10. Nbd4 Nb4 11. Qd1 Rc8 12. c3 Nbd5 13. Ne5 d6 14. Nd3 Qc7 15. a4 bxa4 16. Qxa4+ Nd7 17. Qa5 Qb8 18. Nf4 Nc5 19. Qa2 Nxf4 20. gxf4 Bxg2 21. Kxg2 Qb7+ 22. f3 1/2-1/2

[Event "NRW Class1 0809"]
[Site "Germany"]
[Date "2009.03.01"]
[Round "7.5"]
[White "Coenen, Michael"]
[Black "Haves, Reinhard"]
[Result "0-1"]
[WhiteElo "2176"]
[BlackElo "2181"]
[PlyCount "94"]
[EventDate "2008.09.21"]
[EventType "team-tourn"]
[EventRounds "9"]
[EventCountry "GER"]
[SourceTitle "EXT 2010"]
[Source "ChessBase"]
[SourceDate "2010.11.25"]
[SourceVersion "1"]
[SourceVersionDate "2010.11.25"]
[SourceQuality "1"]
[WhiteTeam "Koeln Porz II"]
[BlackTeam "Neuenkirchen"]
[WhiteTeamCountry "GER"]
[BlackTeamCountry "GER"]

1. e4 g6 2. d4 Bg7 3. Nf3 d6 4. Bc4 Nc6 5. c3 Nf6 6. Nbd2 e5 7. dxe5 dxe5 8. b4 Nh5 9. 0-0 0-0 10. Qb3 Qf6 11. Rd1 Nf4 12. Ne1 a5 13. b5 a4 14. Qc2 Na5 15. Bf1 Bg4 16. Ndf3 Be6 17. c4 g5 18. Bb2 Ng6 19. c5 g4 20. Nd2 h5 21. Nb1 h4 22. Nc3 c6 23. Nxa4 cxb5 24. Nb6 Nc6 25. Rd6 Rad8 26. Rad1 Nd4 27. Bxd4 exd4 28. Bxb5 Rxd6 29. cxd6 Qe5 30. Bc4 Qxd6 31. Qb3 Re8 32. Qb5 Rd8 33. Nd3 g3 34. hxg3 hxg3 35. f4 Nxf4 36. e5 Ne2+ 37. Kf1 Bxc4 38. Nxc4 Qh6 39. Kxe2 Qh5+ 40. Kd2 Bh6+ 41. Kc2 Qe2+ 42. Nd2 Rc8+ 43. Kb2 Qxd1 44. Nb3 Qc2+ 45. Ka1 Bd2 46. Nxd2 Qxd2 47. e6 fxe6 0-1

[Event "NRW Class1 0809"]
[Site "Germany"]
[Date "2008.11.30"]
[Round "4.6"]
[White "Los, Arend"]
[Black "Haves, Reinhard"]
[Result "0-1"]
[WhiteElo "1983"]
[BlackElo "2181"]
[PlyCount "62"]
[EventDate "2008.09.21"]
[EventType "team-tourn"]
[EventRounds "9"]
[EventCountry "GER"]
[SourceTitle "EXT 2010"]
[Source "ChessBase"]
[SourceDate "2010.11.25"]
[SourceVersion "1"]
[SourceVersionDate "2010.11.25"]
[SourceQuality "1"]
[WhiteTeam "Kleve Turm"]
[BlackTeam "Neuenkirchen"]
[WhiteTeamCountry "GER"]
[BlackTeamCountry "GER"]

1. e4 g6 2. d4 Bg7 3. c4 d6 4. Nc3 Nc6 5. Be3 Nf6 6. Be2 e5 7. d5 Nd4 8. Nf3 Ng4 9. Nxd4 Nxe3 10. fxe3 exd4 11. exd4 Qg5 12. 0-0 0-0 13. Qd3 Bd7 14. c5 Rae8 15. Bf3 f5 16. Rae1 Qf6 17. c6 Qxd4+ 18. Qxd4 Bxd4+ 19. Kh1 bxc6 20. exf5 c5 21. fxg6 hxg6 22. h3 Kg7 23. Bd1 Rxf1+ 24. Rxf1 Re3 25. Bf3 Bf5 26. Nb5 Bd3 27. Nxd4 Bxf1 28. Ne6+ Kf6 29. Nxc7 Be2 30. Bxe2 Rxe2 31. Nb5 Ke5 0-1

[Event "NRW Class1 0708"]
[Site "Germany"]
[Date "2008.02.10"]
[Round "6.4"]
[White "Kurr, Gerd"]
[Black "Haves, Reinhard"]
[Result "1/2-1/2"]
[WhiteElo "2219"]
[BlackElo "2199"]
[PlyCount "54"]
[EventDate "2007.09.16"]
[EventType "team"]
[EventRounds "9"]
[EventCountry "GER"]
[SourceTitle "EXT 2009"]
[Source "ChessBase"]
[SourceDate "2008.11.26"]
[SourceVersion "1"]
[SourceVersionDate "2008.11.26"]
[SourceQuality "1"]
[WhiteTeam "Elberfeld"]
[BlackTeam "Neuenkirchen"]
[WhiteTeamCountry "GER"]
[BlackTeamCountry "GER"]

1. d4 g6 2. e4 Bg7 3. Nc3 d6 4. Bc4 Nc6 5. Be3 Nf6 6. f3 Nd7 7. a4 e5 8. Nge2 Qh4+ 9. Bf2 Qd8 10. 0-0 0-0 11. Nd5 Nb6 12. Nxb6 axb6 13. c3 Qe7 14. Qd2 Kh8 15. Rfe1 h6 16. Bb3 Kh7 17. Bc2 Nb8 18. f4 Nd7 19. h3 Nf6 20. Bh4 Kg8 21. Kh1 Re8 22. Bg3 Nh5 23. Bh2 exf4 24. Nxf4 Qg5 25. Qf2 Nxf4 26. Qxf4 Qxf4 27. Bxf4 Be6 1/2-1/2

[Event "NRW Class1 0708"]
[Site "Germany"]
[Date "2007.10.14"]
[Round "2.4"]
[White "Goessling, Guido"]
[Black "Haves, Reinhard"]
[Result "1/2-1/2"]
[WhiteElo "2239"]
[BlackElo "2199"]
[PlyCount "84"]
[EventDate "2007.09.16"]
[EventType "team"]
[EventRounds "9"]
[EventCountry "GER"]
[SourceTitle "EXT 2009"]
[Source "ChessBase"]
[SourceDate "2008.11.26"]
[SourceVersion "1"]
[SourceVersionDate "2008.11.26"]
[SourceQuality "1"]
[WhiteTeam "Bielefeld"]
[BlackTeam "Neuenkirchen"]
[WhiteTeamCountry "GER"]
[BlackTeamCountry "GER"]

1. e4 g6 2. d4 Bg7 3. Nc3 d6 4. Be3 Nc6 5. Qd2 Nf6 6. f3 Nd7 7. d5 Ncb8 8. 0-0-0 h6 9. h4 h5 10. g4 hxg4 11. fxg4 Ne5 12. g5 c5 13. Be2 Bg4 14. Bf4 Nbd7 15. Bxg4 Nxg4 16. Qe2 Nge5 17. h5 gxh5 18. Rxh5 Rg8 19. Nf3 Qb6 20. Nh4 Ng6 21. Bd2 Nxh4 22. Rxh4 Ne5 23. Rdh1 0-0-0 24. Nd1 Kb8 25. R1h3 Rh8 26. Rxh8 Rxh8 27. Rxh8+ Bxh8 28. Qh5 Qd8 29. Ne3 Ng6 30. Qh7 Qf8 31. Nf5 Be5 32. Nh6 Nh8 33. c3 Qg7 34. Qf5 Kc7 35. Kc2 Qg6 36. Kd3 Qh5 37. b3 b5 38. Kc2 a5 39. Ng8 Kd8 40. Nh6 b4 41. cxb4 axb4 42. Qf1 Qh4 1/2-1/2

[Event "Muensterland Verbandsliga 0607"]
[Site "Germany"]
[Date "2007.02.24"]
[Round "6.4"]
[White "Fischer, Andreas"]
[Black "Haves, Reinhard"]
[Result "1/2-1/2"]
[WhiteElo "1909"]
[BlackElo "2199"]
[PlyCount "45"]
[EventDate "2006.09.16"]
[EventType "team"]
[EventRounds "9"]
[EventCountry "GER"]
[SourceTitle "EXT 2008"]
[Source "ChessBase"]
[SourceDate "2007.11.25"]
[SourceVersion "1"]
[SourceVersionDate "2007.11.25"]
[SourceQuality "1"]
[WhiteTeam "Saerbeck"]
[BlackTeam "Neuenkirchen"]
[WhiteTeamCountry "GER"]
[BlackTeamCountry "GER"]

1. e4 g6 2. d4 Bg7 3. Nc3 d6 4. Nf3 Nf6 5. Be2 0-0 6. 0-0 Bg4 7. h3 Bxf3 8. Bxf3 Nc6 9. Be3 Nd7 10. Ne2 Nb6 11. b3 a5 12. a4 Nd7 13. Rc1 e5 14. c4 exd4 15. Nxd4 Nxd4 16. Bxd4 Bxd4 17. Qxd4 Nc5 18. Rc3 Re8 19. Re3 Qe7 20. Rfe1 Qe5 21. Qd2 Re7 22. g3 Nd7 23. Bg2 1/2-1/2